Metodología de calculo del costo promedio de la energía eléctrica por grupo de consumo
সংরক্ষণ করুন:
| প্রধান লেখক: | |
|---|---|
| বিন্যাস: | অজ্ঞাত |
| প্রকাশিত: |
[San José, Costa Rica]
1981
|
| বিষয়গুলি: | |
| ট্যাগগুলো: |
ট্যাগ যুক্ত করুন
কোনো ট্যাগ নেই, প্রথমজন হিসাবে ট্যাগ করুন!
|
MARC
| LEADER | 00000 a2200000 4500 | ||
|---|---|---|---|
| 003 | 001368 | ||
| 005 | 20221231143742.0 | ||
| 008 | 140114s1981 c a m 000 ||s d | ||
| 040 | |c cru CEDI | ||
| 090 | |a TFG 1015 | ||
| 100 | |a Lobo Leitón, Fernando |9 15940 | ||
| 245 | |a Metodología de calculo del costo promedio de la energía eléctrica por grupo de consumo | ||
| 260 | |c 1981 |a [San José, Costa Rica] | ||
| 300 | |a [70] hojas : ilustraciones ; 28 cm | ||
| 500 | |a Proyecto de graduación (ingeniero civil)--Universidad de Costa Rica. Facultad de Ingeniería. Escuela de Ingeniería Civil | ||
| 650 | |x ENERGIA ELECTRICA - ARANCELES |x ENERGIA ELECTRICA - COSTOS |9 15941 | ||
| 942 | |c TFG | ||
| 999 | |c 11278 |d 11278 | ||
